An Investigation into teaching “Getting Started” Section in the Pilot English textbook “Tieng Anh 6” at Some Lower Secondary Schools in Da Nang. /
Đã lưu trong:
| Príomhúdar: | |
|---|---|
| Formáid: | Leabhar |
| Teanga: | English |
| Foilsithe: |
DHNN,
2014.
|
| Ábhair: | |
| Clibeanna: |
Cuir Clib Leis
Gan Chlibeanna, Bí ar an gcéad duine leis an taifead seo a chlibeáil!
|
| Thư viện lưu trữ: | Mạng thư viện Đại học Đà Nẵng |
|---|
| LEADER | 01202nam a22003371a 4500 | ||
|---|---|---|---|
| 001 | 000041279 | ||
| 003 | 17579 | ||
| 005 | 20230218090558.0 | ||
| 008 | 170424s2014 vm 000 eng | ||
| 040 | |a LNN | ||
| 041 | |a eng | ||
| 082 | |a 373 |b NG-V | ||
| 100 | |a Nguyễn, Thị Hằng Vy | ||
| 245 | 3 | |a An Investigation into teaching “Getting Started” Section in the Pilot English textbook “Tieng Anh 6” at Some Lower Secondary Schools in Da Nang. / |c Nguyễn Thị Hằng Vy. | |
| 260 | |a DHNN, |c 2014. | ||
| 300 | |a 55tr . : ill ; 30cm. | ||
| 650 | |a English textbook “Tieng Anh 6”. | ||
| 852 | |c Luận văn sinh viên | ||
| OWN | |a LNN | ||
| AVA | |a UDN50 |b LNN |c English |d 373 NG-V |e available |t Error 5001 Not defined in file expand_doc_bib_avail. |f 2 |g 0 |h N |i 0 |j AN |k 1 | ||
| 999 | |a From the UDN01 | ||
| AVA | |a UDN50 |b LNN |c English |d 373 NG-V |e available |t Error 5001 Not defined in file expand_doc_bib_avail. |f 2 |g 0 |h N |i 0 |j AN |k 1 | ||
| TYP | |a Monograph | ||
| TYP | |a Printed language | ||
| 980 | |a Mạng thư viện Đại học Đà Nẵng | ||